• 首页
  • 本馆介绍
  • 公告通知
  • 最新文献
  • 馆藏检索
  • 电子资源
  • 读者导购
  • 参考咨询
  • 我的图书馆
  • 登录
  • 详细信息显示
  • 放入我的书架
  • 预约/预借图书
  • 作者相关作品
  • 分类相关作品
  • 丛书相关作品
  • 出版社相关作品

书目信息

  • 表格格式
  • 工作单格式
  • 卡片格式
题名:
现代果蔬采后生理
    
 
作者: 潘永贵 , 谢江辉 编著
分册:  
出版信息: 北京   化学工业出版社  2009
页数: 202页
开本: 26cm
丛书名:
单 册:
中图分类: S660.1 , S630.1
科图分类:
主题词: 水果--植物生理学 , 蔬菜--植物生理学 , 水果 , 蔬菜 , 植物生理学
电子资源:
ISBN: 978-7-122-04677-2
000 01022nam0 2200301 45
001 1033070406
005 20100407164620.32
010    @a978-7-122-04677-2@dCNY45.00
100    @a20100401d2009 em y0chiy50 ea
101 0  @achi
102    @aCN@b110000
105    @aa z 000yy
106    @ar
200 1  @a现代果蔬采后生理@AXian Dai Guo Shu Cai Hou Sheng Li@f潘永贵,谢江辉编著@FPan Yong Gui, Xie Jiang Hui Bian Zhu
210    @a北京@c化学工业出版社@d2009
215    @a202页@c图@d26cm
330    @a本书介绍了果蔬采后的基本生理活动、果蔬成熟衰老生理、采后生理失调及采后病理,对与果蔬采后生理相关的信号转导和与果蔬成熟衰老有关的生物技术以及激素生理作了较为深入的介绍。
606 0  @a水果@x植物生理学
606 0  @a蔬菜@x植物生理学
606 0  @a水果
606 0  @a蔬菜
606 0  @a植物生理学
690    @aS660.1@v4
690    @aS630.1@v4
701  0 @a潘永贵@APan Yong Gui@f(1970~)@4编著
701  0 @a谢江辉@AXie Jiang Hui@4编著
801  0 @aCN@bTANGWEI@c20100407
905    @b0588084-88@dS660.1@e190@f5
    
    现代果蔬采后生理/潘永贵,谢江辉编著.-北京:化学工业出版社,2009
    202页:图;26cm
    
    
    ISBN 978-7-122-04677-2:CNY45.00
    本书介绍了果蔬采后的基本生理活动、果蔬成熟衰老生理、采后生理失调及采后病理,对与果蔬采后生理相关的信号转导和与果蔬成熟衰老有关的生物技术以及激素生理作了较为深入的介绍。
●
相关链接 在E读中查询图书 在五车中查询图书 在当当中查询图书 在豆瓣中查询图书


正题名:现代果蔬采后生理     索取号:S660.1/190         预约/预借

序号 登录号 条形码 馆藏地/架位号 状态 备注
1 0588084   205880849   第二样本阅览室/ [索取号:S660.1/190] 在馆    
2 0588085   205880858   第三借阅区/ [索取号:S660.1/190] 在馆    
3 0588086   205880867   第三借阅区/ [索取号:S660.1/190] 在馆    
4 0588087   205880876   第三借阅区/ [索取号:S660.1/190] 在馆    
5 0588088   205880885   第三借阅区/ [索取号:S660.1/190] 在馆    
唐山师范学院图书馆 欢迎您!
大连网信软件有限公司© 版权所有